Countries that hosted (or will host) a Fifa World Cup - Statistics

Statistiche generali
  • Questo quiz è stato fatto 54 volte
  • Il punteggio medio è 19 su 23
Risposte nella Mappa
Le risposte nella mappa del quiz sottostante sono codificate secondo una scala di colori dal rosso al verde in base alla % di persone che hanno risposto correttamente.
 
Statistiche sulle risposte
country % Corretto
Italy
98%
United States of America
98%
Argentina
94%
Canada
94%
France
94%
Mexico
94%
Russia
94%
Spain
94%
Germany / FRG
89%
South Africa
89%
Brazil
87%
Qatar
87%
England
85%
Japan
83%
Uruguay
79%
Portugal
77%
Marocco
72%
Saudi Arabia
72%
South Korea
72%
Sweden
72%
Chile
66%
Switzerland
53%
Paraguay
36%
Nessun quiz corrispondente trovato
Distribuzione punteggi
Percentuale di utenti per punteggio
Percentile per numero di risposta
I tuoi punteggi nel tempo
Non hai fatto questo quiz